O úloze osobnosti v dějinách

Saved in:
Bibliographic Details
Format: Book
Language:Czech
Published: Praha Svoboda 1949
Tags: Add Tag
No Tags, Be the first to tag this record!

MARC

LEADER 00000nam a2200000 4500
001 0307839
005 20250326130600.6
041 0 |a cze 
044 |a CZ 
245 1 0 |a O úloze osobnosti v dějinách  |c G. V. Plechanov 
264 1 |a Praha  |b Svoboda  |c 1949